| 000 | 01237cam a2200265 4500 | ||
|---|---|---|---|
| 001 | WB3709-32 | ||
| 008 | 000000n2001 000 0 eng u | ||
| 035 | _a(Sirsi) u111221 | ||
| 245 | _aFarming alternatives lift prices | ||
| 260 | _c2001 | ||
| 490 |
_aEstates Gazette _v(0108) 24 February 2001, 55(1) |
||
| 520 | _aRural land prices are expected to retain their current levels for the next three years according to a specialist forecasting model set up for "Farmland Market". Whilst farming incomes have fallen dramatically that the demand for land due to diversification and for other uses will prevent a collapse in land values. Figures from the RICS Rural Survey, however, show that the majority of chartered surveyors expect the price of land to fall, except in the residential sector. | ||
| 590 | _aWB | ||
| 650 | _aPROPERTY-RURAL AND NATURAL ASSETS-AGRICULTURAL PROPERTY-AGRICULTURAL LAND | ||
| 650 | _aDAIRY SECTOR | ||
| 650 | _aFARM DIVERSIFICATION | ||
| 650 | _aFARM LAND | ||
| 650 | _aLAND PRICE FORECASTING MODEL | ||
| 650 | _aLAND VALUES | ||
| 650 | _aRESIDENTIAL BUILDING LAND | ||
| 650 | _aRICS RURAL LAND MARKET SURVEY GREAT BRITAIN | ||
| 650 | _aRURAL LAND | ||
| 690 | _aRURAL-MARKET | ||
| 942 | _n0 | ||
| 999 |
_c66266 _d66266 |
||